| 000 | 00360pab a2200157 454500 | ||
|---|---|---|---|
| 008 | 180718b1995 xxu||||| |||| 00| 0 eng d | ||
| 100 | _aChakravarty, Manjula | ||
| 245 | _aTowards gender equality. | ||
| 260 | _c1995 | ||
| 300 | _ap.29-31 | ||
| 362 | _aApr | ||
| 650 | _aInequality - India | ||
| 650 | _aWomen - India | ||
| 773 | _aYojana | ||
| 909 | _a28753 | ||
| 999 |
_c28753 _d28753 |
||